Transmuted past (Record no. 14163)

MARC details
000 -LEADER
fixed length control field 00691nam a2200217Ia 4500
003 - CONTROL NUMBER IDENTIFIER
control field IN-BaIIA
008 - FIXED-LENGTH DATA ELEMENTS--GENERAL INFORMATION
fixed length control field 211028s9999 xx 000 0 eng d
020 ## - INTERNATIONAL STANDARD BOOK NUMBER
International Standard Book Number 0-521-55213-3
040 ## - CATALOGING SOURCE
Transcribing agency IIA Library
080 ## - UNIVERSAL DECIMAL CLASSIFICATION NUMBER
Universal Decimal Classification number 523.4
Item number BRU-II
100 ## - MAIN ENTRY--PERSONAL NAME
Personal name Brush, Stephen G
9 (RLIN) 13676
245 #0 - TITLE STATEMENT
Title Transmuted past
Remainder of title the age of the earth and the evolution of the elements from Lyell to Patterson
Statement of responsibility, etc. Stephen G. Brush
260 ## - PUBLICATION, DISTRIBUTION, ETC.
Place of publication, distribution, etc. Cambridge
Name of publisher, distributor, etc. Cambridge University Press
Date of publication, distribution, etc. 1996
300 ## - PHYSICAL DESCRIPTION
Extent x, 134p.
490 ## - SERIES STATEMENT
Series statement A History of modern planetary physics; v. 2
650 ## - SUBJECT ADDED ENTRY--TOPICAL TERM
Topical term or geographic name entry element Earth-age
9 (RLIN) 24937
650 ## - SUBJECT ADDED ENTRY--TOPICAL TERM
Topical term or geographic name entry element Earth-history
9 (RLIN) 24938
650 ## - SUBJECT ADDED ENTRY--TOPICAL TERM
Topical term or geographic name entry element Nucleosynthesis
650 ## - SUBJECT ADDED ENTRY--TOPICAL TERM
Topical term or geographic name entry element Star evolution
9 (RLIN) 24939
942 ## - ADDED ENTRY ELEMENTS (KOHA)
Koha item type Books
Holdings
Withdrawn status Lost status Damaged status Not for loan Home library Current library Shelving location Date acquired Total Checkouts Full call number Barcode Date last seen Price effective from Koha item type
        IIA Library-Bangalore IIA Library-Bangalore General Stacks 09/07/2001   523.4/ BRU-II 15083 05/11/2021 09/07/2001 Books

Powered by Koha